000 00491cam a22001337a 4500
008 180718b2000 xxu||||| |||| 00| 0 eng d
082 _aB2x54/V43mo/64
100 _aKangle, R.P.
245 _aThe Kautiliya Arthasastra
_cby R.P. Kangle
260 _aDelhi
_bMotilal Banarsidass
_c2000
300 _av.
500 _aContents: v.1. Sanskrit text with a glossary. 343p.; v.2. An English translation with a critical and explanatory notes. 519p. v.3. A study. 302p.
650 _aPolitical science
999 _c399118
_d399118